000 02611cam a22005054i 4500
003 PE-LiUPU
005 20250731172807.0
008 150617s1984 sp r 000 0 spa d
020 _a8470573462
035 _a(Sirsi) i9788470573460
040 _aPE-LiUPU
_bspa
_cPE-LiUPU
_erda
049 _aPRUA
082 0 4 _a226.6
_bR48
_221
100 1 _aRius-Camps, Josep,
_eautor.
245 1 3 _aEl Camino de Pablo a la misión de los paganos /
_cJosep Rius-Camps.
264 1 _aMadrid :
_bEdiciones Cristiandad,
_c1984.
300 _a326 páginas ;
_c25 centímetros.
336 _atext
_2rdacontent
337 _aunmediated
_2rdamedia
338 _avolume
_2rdacarrier
490 0 _aLectura del Nuevo Testamento Estudios Críticos y Exegéticos ;
_v2
505 0 _aLas tres primeras fases de la misión entre los paganos -- La misión encomendada por el Espíritu Santo a la Iglesia de Antioquía -- Primera fase de la misión: Chipre, Pisidia, Licaonia, panfilia. Ante el dilema Judaismo/Cristianismo: La asmblea de Jerusalén. Segunda fase de la misión: Macedonia, Grecia. Tercera fase de la misión: Asia -- Pablo se dirige a Jerusalén. Decisión irrevocable de Pablo de ir a Jerosolima antes de dirigirse a Roma. Travesia de Macedonia a Cesarea. Subida a Jerusalén -- Concecuencias de la subida de Pablo a Jerusalén. Arresto de Pablo en el templo -- El testimonio de Pablo en Jerusalén -- Conjura de los Judíos contra Pablo -- Pablo en Cesarea: ineficacia de la apología -- Cuarta fase de la misión: Roma.
526 _aSEG42
526 _aSEG41
526 _aSEG40
526 _aSEG39
526 _aP94
526 _aP87
526 _aP86
526 _aP85
526 _aP77
526 _aP76
526 _aP35
630 _aBiblia
_pN.T.
_pHechos
_xComentarios.
910 _ajck
_bjvq
_cjck
_d20150616
942 _2ddc
_cBOOK
949 _a226.6 R48
_wDEWEY
_c1
_i37615
_lCCODEBUL1
_mBUL
_r0
_sY
_tBOOK
_u2015-4-22
_xTEOLOGIA
_PP35
_0COMPRA
_o.STAFF. Colección Teología
949 _a226.6 R48
_wDEWEY
_c2
_i22937
_lCCODEBUL1
_mBUL
_r0
_sY
_tBOOK
_u2015-6-17
_xTEOLOGIA
_PP35
_0COMPRA
_o.STAFF. Colección Teología
994 _aC0
_bPEPRU
596 _a1
999 _a226.6 R48
_wDEWEY
_c3772
_i37615
_f2021-11-9
_g5
_lCCODEBUL1
_mBUL
_p30.00
_r0
_sY
_tBOOK
_u2015-4-22
_xTEOLOGIA
_PP35
_0COMPRA
_o.STAFF. Colección Teología
_d3772
999 _a226.6 R48
_wDEWEY
_c2
_i22937
_f2021-11-9
_g5
_lCCODEBUL1
_mBUL
_p35.00
_r0
_sY
_tBOOK
_u2015-6-17
_xTEOLOGIA
_PP35
_0COMPRA
_o.STAFF. Colección Teología
980 _81
_gALBERTO SANCHEZ Responsable de Automatización